Rachel Bentham

Cambridge B


Categories

Science - Chemistry0400406792.7502
Science - Physics0401406891.5013
Science - Biology03013092111.3302
Science - Other Science0200206273.0001
Mythology0200207588.5001
Social Science0100109494.0001
History - American History010010129129.0000
History - World History010110135135.0000
Other0100105757.0000
Fine Arts - Painting & Sculpture000000.0000

Buzzes

Otherfanfiction1057
Science - Other Scienceimages1062
Science - Chemistrymass spectrometry1067
Science - Physicsnatural logarithm1068
MythologyOrion1075
Science - Physicswave equation1075
Science - Chemistryorbital overlap1081
Science - Other Sciencepesticides1084
Science - Biologycapsaicin1092
Social Scienceheterosexuality1094